[Event "IND-ch U15 Girls"]
[Site "Tiruchengode"]
[Date "2019.07.12"]
[Round "6"]
[White "Chopdekar, Gunjal"]
[Black "Bristy, Mukherjee"]
[Result "0-1"]
[WhiteElo "1624"]
[BlackElo "1862"]
[PlyCount "74"]
[EventDate "2019.07.09"]
[EventType "swiss"]
[EventRounds "11"]
[EventCountry "IND"]
[SourceTitle "EXT 2020"]
[Source "ChessBase"]
[SourceDate "2019.10.17"]
[SourceVersion "1"]
[SourceVersionDate "2019.10.17"]
[SourceQuality "1"]

1. Nf3 f5 2. g3 Nf6 3. Bg2 d6 4. d4 e6 5. 0-0 Be7 6. c3 0-0 7. Qc2 Qe8 8. Nbd2 Nc6 9. b4 Qh5 10. Nc4 Bd7 11. a4 Nd8 12. Bd2 Nf7 13. Qc1 Kh8 14. Nb2 Rg8 15. Nd3 g5 16. Nfe1 e5 17. f3 g4 18. f4 e4 19. Nb2 Rg6 20. Kf2 e3+ 21. Bxe3 Qxh2 22. Qc2 Ne4+ 23. Qxe4 fxe4 24. Rh1 Qxh1 25. Bxh1 d5 26. Nc2 Nd6 27. Bg2 Kg7 28. c4 c6 29. c5 Nf5 30. b5 h5 31. a5 h4 32. a6 bxa6 33. bxa6 Nxg3 34. Na4 Bc8 35. Nc3 Nf5 36. Rb1 h3 37. Bh1 g3+ 0-1

[Event "IND-ch U13 Girls"]
[Site "Ahmedabad"]
[Date "2018.06.19"]
[Round "8"]
[White "Ahalya, A."]
[Black "Chopdekar, Gunjal"]
[Result "0-1"]
[WhiteElo "1383"]
[BlackElo "1633"]
[PlyCount "94"]
[EventDate "2018.06.14"]
[EventType "swiss"]
[EventRounds "11"]
[EventCountry "IND"]
[SourceTitle "EXT 2019"]
[Source "ChessBase"]
[SourceDate "2018.10.10"]
[SourceVersion "1"]
[SourceVersionDate "2018.10.10"]
[SourceQuality "1"]

1. e4 e5 2. Nf3 Nc6 3. d4 exd4 4. Bc4 d6 5. Nxd4 Ne5 6. Be2 Bd7 7. Nc3 Nf6 8. f4 Nc6 9. Bf3 Be7 10. 0-0 0-0 11. h3 Rc8 12. g4 Nxd4 13. Qxd4 b6 14. Qd1 Ne8 15. Be3 c5 16. Nd5 Bc6 17. c3 Nc7 18. Qc2 Nxd5 19. exd5 Bd7 20. c4 h6 21. f5 Bg5 22. Qd2 Bxe3+ 23. Qxe3 Qf6 24. Qf2 b5 25. b3 Rce8 26. Rfe1 bxc4 27. bxc4 Qc3 28. Rec1 Qd3 29. Rab1 Rb8 30. Qf1 Qd4+ 31. Kh1 Ba4 32. Bd1 Bd7 33. Bb3 a5 34. Rd1 Qf6 35. Qd3 Rfe8 36. Re1 h5 37. Rxe8+ Rxe8 38. Qg3 hxg4 39. hxg4 a4 40. Bc2 Qh6+ 41. Kg1 Re3 42. Qg2 Qh4 43. f6 g6 44. Kf1 Qxf6+ 45. Kg1 Qh4 46. Kf1 Bxg4 47. Rb8+ Kg7 0-1

[Event "IND-ch U13 Girls 31st"]
[Site "Jalandhar"]
[Date "2017.06.29"]
[Round "11"]
[White "Rindhiya, V."]
[Black "Chopdekar, Gunjal"]
[Result "1-0"]
[WhiteElo "1485"]
[BlackElo "1522"]
[PlyCount "71"]
[EventDate "2017.06.21"]
[EventType "swiss"]
[EventRounds "11"]
[EventCountry "IND"]
[SourceTitle "CBM 179 Extra"]
[Source "ChessBase"]
[SourceDate "2017.08.23"]
[SourceVersion "1"]
[SourceVersionDate "2017.08.23"]
[SourceQuality "1"]

1. e4 e5 2. Nf3 d6 3. Bc4 Nd7 4. d4 Qe7 5. Nc3 c6 6. 0-0 h6 7. h3 Nb6 8. Bb3 Bd7 9. Be3 exd4 10. Bxd4 c5 11. Be3 Be6 12. Bxe6 fxe6 13. a4 Rd8 14. Qd3 Nf6 15. e5 Nfd5 16. exd6 Rxd6 17. Bxc5 Nxc3 18. Bxd6 Qxd6 19. Qg6+ Kd8 20. bxc3 Kc7 21. Rad1 Qc5 22. Nd4 Kb8 23. Nxe6 Qc6 24. Rd8+ Nc8 25. Rxf8 Rxf8 26. Nxf8 Qxg6 27. Nxg6 Nd6 28. Re1 a6 29. Re7 Nf5 30. Rf7 Nd6 31. Rxg7 Ne4 32. f4 Nxc3 33. f5 Ne2+ 34. Kf2 Nd4 35. f6 Ne6 36. f7 1-0

[Event "World School-ch U11 Girls 11th"]
[Site "Pattaya"]
[Date "2015.05.10"]
[Round "5"]
[White "Chopdekar, Gunjal"]
[Black "Singgih, Diajeng Theresa"]
[Result "0-1"]
[WhiteElo "1493"]
[BlackElo "1738"]
[PlyCount "108"]
[EventDate "2015.05.07"]
[EventType "swiss"]
[EventRounds "9"]
[EventCountry "THA"]
[SourceTitle "CBM 166 Extra"]
[Source "ChessBase"]
[SourceDate "2015.06.18"]
[SourceVersion "1"]
[SourceVersionDate "2015.06.18"]
[SourceQuality "1"]

1. d4 d5 2. Nf3 Nf6 3. e3 e6 4. Bd3 Be7 5. 0-0 0-0 6. b3 b6 7. Bb2 Bb7 8. Nbd2 Nbd7 9. Ne5 c5 10. Qe2 Qc7 11. Rac1 Nxe5 12. dxe5 Ne4 13. Nxe4 dxe4 14. Ba6 Bd5 15. Bc4 Rfd8 16. Bxd5 exd5 17. c4 Qc6 18. Rfd1 dxc4 19. Qxc4 Rxd1+ 20. Rxd1 Rd8 21. Rxd8+ Bxd8 22. Qc2 Qd5 23. Kf1 Bc7 24. Qc1 Bxe5 25. Bxe5 Qxe5 26. Qd2 g6 27. g3 h6 28. Kg2 Qc7 29. Qd5 b5 30. Qxe4 c4 31. bxc4 bxc4 32. Qc2 c3 33. Kf1 a5 34. Ke2 Qc4+ 35. Ke1 a4 36. h3 Kg7 37. f3 Kg8 38. Kf2 a3 39. Ke1 Qc7 40. f4 Qb6 41. Ke2 Qb5+ 42. Ke1 Qc6 43. Kf2 Qh1 44. Ke2 Qxh3 45. Kd3 Qxg3 46. Qxc3 h5 47. Qxa3 h4 48. Qa8+ Kg7 49. a4 h3 50. a5 h2 51. a6 Qg1 52. Qd5 Qd1+ 53. Ke4 Qxd5+ 54. Kxd5 h1Q+ 0-1

[Event "IND-ch U11 Girls"]
[Site "Odisha"]
[Date "2014.07.26"]
[Round "4"]
[White "Bidisha, Roy"]
[Black "Chopdekar, Gunjal"]
[Result "1/2-1/2"]
[WhiteElo "1339"]
[BlackElo "1438"]
[PlyCount "90"]
[EventDate "2014.07.24"]
[EventType "swiss"]
[EventRounds "11"]
[EventCountry "IND"]
[SourceTitle "CBM 161 Extra"]
[Source "ChessBase"]
[SourceDate "2014.08.29"]
[SourceVersion "1"]
[SourceVersionDate "2014.08.29"]
[SourceQuality "1"]

1. e4 e5 2. Nf3 d6 3. d4 exd4 4. Nxd4 Nf6 5. Nc3 Be7 6. Bd3 0-0 7. 0-0 c5 8. Nde2 Nc6 9. h3 Ne5 10. Ng3 Nxd3 11. Qxd3 Qc7 12. b3 Be6 13. Bb2 Rad8 14. Nd5 Nxd5 15. exd5 Bc8 16. Nh5 f6 17. Rae1 Rf7 18. Re3 g6 19. Rg3 Kh8 20. Nf4 Bf5 21. Qf3 Qc8 22. c4 Bf8 23. Re1 Bg7 24. Qc3 Re8 25. Rge3 Rxe3 26. Qxe3 Bd7 27. Qd2 Qd8 28. Ne6 Bxe6 29. dxe6 Re7 30. Qd5 f5 31. Bxg7+ Kxg7 32. Rd1 Kf6 33. Qxd6 Qxd6 34. Rxd6 Rxe6 35. Rd7 Re7 36. Rxe7 Kxe7 37. Kf1 Ke6 38. Ke2 Ke5 39. Ke3 g5 40. g3 h6 41. f4+ gxf4+ 42. gxf4+ Ke6 43. h4 h5 44. Kd3 Kd6 45. Kc3 Kc6 1/2-1/2

[Event "Wch U08 Girls"]
[Site "Al Ain"]
[Date "2013.12.21"]
[Round "5"]
[White "Allahverdiyeva, Ayan"]
[Black "Chopdekar, Gunjal"]
[Result "1-0"]
[WhiteElo "1794"]
[BlackElo "1417"]
[PlyCount "97"]
[EventDate "2013.12.18"]
[EventType "swiss"]
[EventRounds "11"]
[EventCountry "UAE"]
[SourceTitle "CBM 158 Extra"]
[Source "ChessBase"]
[SourceDate "2014.02.28"]
[SourceVersion "1"]
[SourceVersionDate "2014.02.28"]
[SourceQuality "1"]

1. e4 c5 2. d4 cxd4 3. c3 d6 4. cxd4 g6 5. Nf3 Bg7 6. Nc3 Bg4 7. Be2 Nc6 8. Be3 Nf6 9. Qd2 0-0 10. h3 Bd7 11. 0-0 Rc8 12. Rac1 a6 13. Rfd1 e5 14. d5 Ne7 15. Qc2 Ne8 16. Qb3 b5 17. a4 bxa4 18. Nxa4 Rb8 19. Qa3 Bb5 20. Nc3 f5 21. exf5 Nxf5 22. Bg5 Qd7 23. Nxb5 axb5 24. Nd2 Nd4 25. Bd3 Nf6 26. Bxf6 Bxf6 27. Ne4 Be7 28. Qb4 Qb7 29. Nc3 Rf4 30. Be4 Rxe4 31. Nxe4 Ne2+ 32. Kh1 Nxc1 33. Rxc1 Qxd5 34. Rc7 Kf8 35. Qe1 Qe6 36. Qe3 Ke8 37. Qh6 Kd8 38. Ra7 Qf7 39. Ng5 Qxf2 40. Ne6+ Ke8 41. Nc7+ Kd8 42. Ne6+ Ke8 43. Nc7+ Kd8 44. Ne6+ Ke8 45. Rc7 Qf7 46. Ng7+ Kd8 47. Qc1 Qxg7 48. Qc6 Qf8 49. Qd7# 1-0